Las cualidades del sonido. - Estadísticas

Estadísticas generales
  • Esta prueba ha sido intentada 131 veces
  • La puntuación promedio es 12 de 19
Estadísticas de respuestas
Pregunta Respuesta % Correcto
Señala cuál de estos ítems no es una cualidad del sonido: Melodía
100%
La duración indica: Si un sonido es largo o corto
100%
La intensidad indica: Si un sonido es fuerte o suave
89%
La altura indica: Si un sonido es grave o agudo
89%
Señala cuál de estos ítems no es una cualidad del sonido: Ritmo
78%
El timbre indica: Si un sonido procede de una voz o de un determinado instrumento
78%
A menor persistencia de onda, el sonido: Es más corto
67%
La intensidad depende: De la amplitud de la onda, que es la distancia entre el punto máximo de vibración al punto de reposo del cuerpo.
56%
A mayor amplitud de onda, el sonido: Es más fuerte
56%
A menor frecuencia de onda, el sonido: Es más grave.
56%
A menor amplitud de onda, el sonido: Es más suave
56%
El silencio, en la música, es: Igual de importante que el sonido.
56%
La intensidad del sonido se mide en: Decibelios
44%
La altura depende: De la frecuencia de la onda, que es la velocidad de la vibración
44%
El timbre depende: De la mezcla del sonido fundamental con los armónicos.
44%
La duración depende de: De la persistencia de onda, que es el tiempo que tarda en extinguirse la vibración
44%
A mayor frecuencia de onda, el sonido: Es más agudo.
44%
A mayor persistencia de onda, el sonido: Es más largo
44%
La altura del sonido se mide en: Herzios
44%
No se encontraron pruebas coincidentes
Distribución de puntuación
Porcentaje de gente con cada puntuación
Porcentaje por número respondido
Historial de tus puntuaciones
No has intentado esta prueba.